000 00702cam a22002531 4500
001 sa 68012019
003 DLC
005 20260227112606.0
008 711115s1968 ii b 000 0 eng
010 _asa 68012019 //r94
025 _aPL480:I-E-11009
040 _aDLC
_cDLC
_dDLC
043 _aa-cc---
050 0 0 _aJQ1508
_b.S5
082 0 0 _a320/.0951
100 1 0 _aSharan, Parmatma,
_d1916-
245 1 0 _aPolitical system of China.
260 0 _aMeerut,
_bMeenakshi Prakashan
_c[1968]
300 _aviii, 247 p.
_c25 cm.
350 _aRs20
440 0 _aModern political systems series
504 _a"Select bibliography": p. [245]
651 0 _aChina
_xPolitics and government
_y1949-1976.
999 _c84250
_d84250